000 00518nam a22001577a 4500
003 OSt
005 20150905113414.0
008 150905b xxu||||| |||| 00| 0 eng d
040 _cRUA
082 _aAGR គឹម​ 1989 B001 Or.1
100 _919
_aគឹម​សេរីគិត
245 _aការដុះលូតលាស់និងទិន្នផលកប្បាសទៅតាមកំរិតជីគីមី
260 _aPhnom Penh
_bRUA
_c1989
300 _a62p.
_bill.
_c29cm.
942 _2ddc
_cAGR
999 _c17
_d17